[Event "Sibiria Region-ch"]
[Site "Prokopevsk"]
[Date "2012.03.20"]
[Round "9"]
[White "Dyagilev, Viktor"]
[Black "Sergeev, Albert"]
[Result "1/2-1/2"]
[WhiteElo "2106"]
[BlackElo "2318"]
[PlyCount "98"]
[EventDate "2012.03.12"]
[EventType "swiss"]
[EventRounds "9"]
[EventCountry "RUS"]
[SourceTitle "OM OTB B 201907"]
[Source "Opening Master"]
[SourceDate "2019.07.06"]
[SourceVersion "2"]
[SourceVersionDate "2019.07.06"]
[SourceQuality "1"]

1. e4 c5 2. Nf3 Nc6 3. d4 cxd4 4. Nxd4 Nf6 5. Nc3 d6 6. Be2 e5 7. Nb3 Be7 8.
O-O O-O 9. Be3 a5 10. Bf3 a4 11. Nc1 Be6 12. Qd2 Qa5 13. N1e2 Rfd8 14. Rfd1 Rd7
15. h3 h6 16. g4 Rad8 17. b3 d5 18. Nxd5 Nxd5 19. Qxa5 Nxa5 20. exd5 Bxd5 21.
Bxd5 Rxd5 22. Rxd5 Rxd5 23. Nc3 Rd6 24. Nxa4 b5 25. Nc3 b4 26. Ne4 Rc6 27. Rc1
g6 28. Bxh6 f5 29. Bg5 Kf7 30. Bxe7 Kxe7 31. Nd2 Ke6 32. c4 Nb7 33. Nf1 Nc5 34.
Ne3 Nd3 35. Ra1 Nf4 36. gxf5+ gxf5 37. Nc2 Nxh3+ 38. Kf1 Rd6 39. Ke1 Nxf2 40.
Nxb4 Nd3+ 41. Nxd3 Rxd3 42. Rc1 Rh3 43. c5 e4 44. Rc4 Kd5 45. c6 Rh8 46. c7 Rc8
47. Ke2 Kd6 48. Ke3 Rxc7 49. Rxc7 Kxc7 1/2-1/2

[Event "Privolzhskogo FO-ch (Women)"]
[Site "Togliatti"]
[Date "2012.03.20"]
[Round "1"]
[White "Makeeva, Tatyana"]
[Black "Iljushina, Olga"]
[Result "0-1"]
[WhiteElo "1950"]
[BlackElo "2348"]
[PlyCount "72"]
[EventDate "2012.03.20"]
[EventType "swiss"]
[EventRounds "9"]
[EventCountry "RUS"]
[SourceTitle "OM OTB B 201907"]
[Source "Opening Master"]
[SourceDate "2019.07.06"]
[SourceVersion "2"]
[SourceVersionDate "2019.07.06"]
[SourceQuality "1"]

1. e4 c5 2. Nf3 Nc6 3. d4 cxd4 4. Nxd4 Nf6 5. Nc3 d6 6. Be2 e5 7. Nb3 Be7 8.
O-O a5 9. a4 O-O 10. Be3 Be6 11. Bf3 Nb4 12. Qe2 Qc7 13. Rfc1 Bc4 14. Qd1 d5
15. exd5 Rfd8 16. Nd2 Nbxd5 17. Nxd5 Nxd5 18. Bxd5 Bxd5 19. c4 Be6 20. Qe2 Ra6
21. Ne4 Bf5 22. f3 Qc6 23. Bf2 Bxe4 24. Qxe4 Qxe4 25. fxe4 Rd2 26. b3 Rad6 27.
Rab1 Rf6 28. Be3 Re2 29. Re1 Rxe3 30. Rxe3 Bc5 31. Rbe1 Rf4 32. h3 Rxe4 33. Kf2
f5 34. Kf3 Rxe3+ 35. Rxe3 Bxe3 36. Kxe3 Kf7 0-1

[Event "Regionalliga SW 1112"]
[Site "Bayern"]
[Date "2012.03.18"]
[Round "8.5"]
[White "Stoehr, Herbert"]
[Black "Fauth, Dietmar"]
[Result "0-1"]
[WhiteElo "1930"]
[BlackElo "2122"]
[PlyCount "100"]
[EventDate "2011.10.02"]
[EventType "team-tourn"]
[EventRounds "9"]
[EventCountry "GER"]
[SourceTitle "OM OTB B 201907"]
[Source "Opening Master"]
[SourceDate "2019.07.06"]
[SourceVersion "2"]
[SourceVersionDate "2019.07.06"]
[SourceQuality "1"]

1. e4 c5 2. Nf3 Nc6 3. d4 cxd4 4. Nxd4 Nf6 5. Nc3 d6 6. Be2 e5 7. Nb3 Be7 8.
O-O O-O 9. Kh1 a5 10. a4 Nb4 11. Bg5 h6 12. Bxf6 Bxf6 13. Bc4 Qc7 14. Nd2 Bg5
15. Bb3 Be6 16. Nd5 Nxd5 17. Bxd5 Bxd5 18. exd5 Rac8 19. Ne4 Be7 20. c3 f5 21.
Nd2 Qc5 22. Qb3 Rc7 23. Qb5 Bg5 24. Nf3 b6 25. Nxg5 hxg5 26. Qd3 e4 27. Qd2 f4
28. Rad1 Re7 29. Qe2 Rf5 30. c4 g6 31. Rfe1 e3 32. Qc2 Kh7 33. f3 Rc7 34. b3
Rxd5 35. Qb2 Rxd1 36. Rxd1 Re7 37. Qf6 Qe5 38. Qxe5 Rxe5 39. Kg1 Re6 40. Re1
Kg7 41. Kf1 Kf6 42. Ke2 d5 43. Rd1 Rd6 44. g3 Ke5 45. Rc1 dxc4 46. Rxc4 Rd2+
47. Ke1 Rxh2 48. gxf4+ gxf4 49. Rc6 g5 50. Rxb6 g4 0-1

[Event "BL2-Sued 1112"]
[Site "Germany"]
[Date "2012.03.18"]
[Round "8.2"]
[White "Kountz, Jochen"]
[Black "Chabanon, Jean Luc"]
[Result "1/2-1/2"]
[WhiteElo "2351"]
[BlackElo "2481"]
[PlyCount "26"]
[EventDate "2011.10.02"]
[EventType "team-tourn"]
[EventRounds "9"]
[EventCountry "GER"]
[SourceTitle "OM OTB B 201907"]
[Source "Opening Master"]
[SourceDate "2019.07.06"]
[SourceVersion "2"]
[SourceVersionDate "2019.07.06"]
[SourceQuality "1"]

1. e4 c5 2. Nf3 Nc6 3. Nc3 d6 4. d4 cxd4 5. Nxd4 Nf6 6. Be2 e5 7. Nb3 Be7 8.
O-O O-O 9. Kh1 Be6 10. f4 exf4 11. Bxf4 d5 12. exd5 Nxd5 13. Nxd5 Qxd5 1/2-1/2

[Event "FICS rated standard game"]
[Site "FICS freechess.org"]
[Date "2012.03.17"]
[Round "?"]
[White "Kromer"]
[Black "GnuCheese"]
[Result "1-0"]
[WhiteElo "2796"]
[BlackElo "2384"]
[PlyCount "101"]
[EventDate "2012.??.??"]

1. e4 c5 2. Nf3 Nc6 3. Nc3 d6 4. d4 cxd4 5. Nxd4 Nf6 6. Be2 e5 7. Nxc6 bxc6 8.
O-O Be7 9. Qd3 Rb8 10. b3 O-O 11. Rd1 Qc7 12. h3 Rd8 13. Qg3 Be6 14. Bh6 Ne8
15. Be3 Nf6 16. f4 Qa5 17. Bc1 exf4 18. Bxf4 Nh5 19. Bxh5 Qxh5 20. Rd2 Rb7 21.
Ne2 d5 22. Rad1 Bf6 23. c4 Re8 24. exd5 cxd5 25. c5 Bf5 26. Qf2 Be6 27. Bd6 Bh4
28. Qd4 Bg5 29. Nf4 Bxf4 30. Qxf4 Qg6 31. Rd3 f6 32. Re3 Qf7 33. c6 Rb6 34. Qa4
a5 35. Rde1 h5 36. Bc5 Rbb8 37. Qf4 Rbd8 38. Bb6 g5 39. Qd4 Rc8 40. c7 Kh7 41.
Bxa5 h4 42. b4 Ra8 43. b5 Bf5 44. Rxe8 Rxe8 45. Rf1 Bc8 46. Rxf6 Qe7 47. Bd2
Qxc7 48. Bc3 Qb7 49. Qd3+ Re4 50. Qf3 d4 51. Rf7+ 1-0

[Event "Bogota op 03"]
[Site "Bogota"]
[Date "2012.03.16"]
[Round "2"]
[White "Dominguez Rincon, Miller"]
[Black "Pinzon, Jairo David"]
[Result "0-1"]
[WhiteElo "2007"]
[BlackElo "2210"]
[PlyCount "83"]
[EventDate "2012.03.15"]
[EventType "swiss"]
[EventRounds "7"]
[EventCountry "COL"]
[SourceTitle "OM OTB B 201907"]
[Source "Opening Master"]
[SourceDate "2019.07.06"]
[SourceVersion "2"]
[SourceVersionDate "2019.07.06"]
[SourceQuality "1"]

1. e4 c5 2. Nf3 d6 3. d4 cxd4 4. Nxd4 Nf6 5. Nc3 Nc6 6. Be2 e5 7. Nb3 Be7 8.
O-O O-O 9. Be3 Be6 10. Qe1 a5 11. Rd1 Qb8 12. a4 Nb4 13. Qd2 Qc7 14. Rc1 b6 15.
Bg5 Rad8 16. Bxf6 Bxf6 17. Nd5 Nxd5 18. exd5 Bd7 19. Bb5 h6 20. Qd3 Bg5 21.
Rcd1 Rc8 22. c3 Bxb5 23. Qxb5 Qc4 24. Qxc4 Rxc4 25. Ra1 f5 26. Rfd1 Kf7 27. g3
h5 28. h4 Bh6 29. Nd2 Bxd2 30. Rxd2 Kf6 31. Kg2 f4 32. Ra3 Kf5 33. Rb3 Rb8 34.
Rb5 Rxa4 35. b3 Ra1 36. c4 Rc1 37. Ra2 Kg4 38. f3+ Kf5 39. Raxa5 Rc2+ 40. Kh3
Rc3 41. Kg2 Rb7 42. Ra8 0-1

[Event "IRT Departamental de Segunda Antioquia "]
[Site "Medellin-Colombia"]
[Date "2012.03.13"]
[Round "2.8"]
[White "Zapata Jaramillo, William"]
[Black "Uribe Valencia, Victor Alexis"]
[Result "1-0"]
[WhiteElo "1874"]
[BlackElo "1520"]
[PlyCount "61"]
[EventDate "2012.03.12"]
[EventRounds "6"]
[EventCountry "COL"]
[SourceTitle "OM OTB B 201907"]
[Source "Opening Master"]
[SourceDate "2019.07.06"]
[SourceVersion "2"]
[SourceVersionDate "2019.07.06"]
[SourceQuality "1"]

1. e4 c5 2. Nf3 Nc6 3. Nc3 d6 4. Be2 Nf6 5. d4 cxd4 6. Nxd4 e5 7. Nf3 Be7 8.
Bg5 Be6 9. Qd2 Qa5 10. O-O h6 11. Bxf6 gxf6 12. a3 f5 13. b4 Qd8 14. Bd3 fxe4
15. Bxe4 Qd7 16. Bd5 O-O-O 17. b5 Na5 18. a4 Nc4 19. Qe2 Nb6 20. Rfd1 Bxd5 21.
Nxd5 Nxd5 22. Rxd5 Rdg8 23. Nxe5 Qe6 24. Qc4+ Kb8 25. Nf3 Rc8 26. Qd3 Qg6 27.
Re1 Bf8 28. g3 Rxc2 29. Re8+ Rc8 30. Rxc8+ Kxc8 31. Qc3+ 1-0

[Event "Reykjavik op"]
[Site "Reykjavik"]
[Date "2012.03.12"]
[Round "8"]
[White "Ziska, Andrias2"]
[Black "Loftsson, Hrafn"]
[Result "1/2-1/2"]
[WhiteElo "1900"]
[BlackElo "2202"]
[PlyCount "45"]
[EventDate "2012.03.06"]
[EventType "swiss"]
[EventRounds "9"]
[EventCountry "ISL"]
[SourceTitle "OM OTB B 201907"]
[Source "Opening Master"]
[SourceDate "2019.07.06"]
[SourceVersion "2"]
[SourceVersionDate "2019.07.06"]
[SourceQuality "1"]

1. e4 c5 2. Nf3 d6 3. d4 cxd4 4. Nxd4 Nf6 5. Nc3 Nc6 6. Be2 e5 7. Nb3 Be7 8. g4
h6 9. Be3 Be6 10. Rg1 d5 11. exd5 Nxd5 12. Nxd5 Bxd5 13. Qd2 Bxb3 14. axb3
Qxd2+ 15. Kxd2 O-O-O+ 16. Kc1 Bg5 17. c3 Rd6 18. Kc2 Rf6 19. Rgf1 Rd8 20. Rad1
Rxd1 21. Kxd1 g6 22. Kc2 Nd8 23. b4 1/2-1/2

[Event "Leipzig VfB op 19th"]
[Site "Leipzig"]
[Date "2012.03.07"]
[Round "3"]
[White "Alvermann, Christian"]
[Black "Kreyssig, Bruno"]
[Result "1-0"]
[WhiteElo "1722"]
[BlackElo "1741"]
[PlyCount "57"]
[EventDate "2012.03.06"]
[EventType "swiss"]
[EventRounds "9"]
[EventCountry "GER"]
[SourceTitle "OM OTB B 201907"]
[Source "Opening Master"]
[SourceDate "2019.07.06"]
[SourceVersion "2"]
[SourceVersionDate "2019.07.06"]
[SourceQuality "1"]

1. e4 c5 2. Nf3 Nc6 3. d4 cxd4 4. Nxd4 Nf6 5. Nc3 d6 6. Be2 e5 7. Nf3 h6 8. h3
Be7 9. O-O O-O 10. Be3 Be6 11. Qd2 d5 12. exd5 Nxd5 13. Nxd5 Bxd5 14. Rfd1 Be6
15. Qc3 Qc7 16. a3 Rfd8 17. Bb5 f6 18. Bc4 Bxc4 19. Qxc4+ Kf8 20. Nh4 g5 21.
Nf5 h5 22. Nxe7 Kg7 23. Nxc6 bxc6 24. Qe2 h4 25. Qa6 Re8 26. Rd2 c5 27. Rad1
Re7 28. Rd6 Rf7 29. Qc6 1-0

[Event "PriFO Champ RUS 2012"]
[Site "Tolyatti RUS"]
[Date "2012.03.05"]
[Round "8.26"]
[White "Ospennikov, D. (wh)"]
[Black "Filipenko, A. (bl)"]
[Result "1-0"]
[WhiteElo "2200"]
[BlackElo "2351"]
[PlyCount "96"]
[EventDate "2012.??.??"]

1. e4 c5 2. Nf3 d6 3. d4 cxd4 4. Nxd4 Nf6 5. Nc3 Nc6 6. Be2 e5 7. Nb3 Be7 8.
O-O O-O 9. Be3 Be6 10. Qd2 a5 11. a4 Nb4 12. Bf3 Ng4 13. Bxg4 Bxg4 14. f4 Be6
15. f5 Bc4 16. Rfd1 Qc7 17. Qf2 Qc6 18. Nd2 Ba6 19. Nf3 f6 20. Rd2 Bc4 21. Rad1
Bf7 22. Ne1 Rfd8 23. Nd3 Qc4 24. Qe2 Rdc8 25. Nf2 Qxe2 26. Rxe2 Kf8 27. Rdd2
Rc6 28. Nd5 Rac8 29. Nb6 R8c7 30. Na8 Rd7 31. Nb6 Rdc7 32. Na8 Rc8 33. Nb6 Re8
34. Nd5 Rb8 35. Ba7 Ra8 36. Be3 Bd8 37. b3 Rac8 38. c4 Na6 39. Nd1 Nc5 40. Bxc5
Rxc5 41. N1c3 R5c6 42. g4 Bxd5 43. Nxd5 Bb6+ 44. Kg2 h5 45. gxh5 Kf7 46. Rd3
Rh8 47. Rh3 Bd4 48. Kf3 Bb2 1-0

[Event "IND-chT (Women) 32nd"]
[Site "Panaji"]
[Date "2012.02.27"]
[Round "1"]
[White "Pammi, Rani"]
[Black "Nimmy, A George"]
[Result "0-1"]
[WhiteElo "1593"]
[BlackElo "2208"]
[PlyCount "100"]
[EventDate "2012.02.27"]
[EventType "team-swiss"]
[EventRounds "7"]
[EventCountry "IND"]
[SourceTitle "OM OTB B 201907"]
[Source "Opening Master"]
[SourceDate "2019.07.06"]
[SourceVersion "2"]
[SourceVersionDate "2019.07.06"]
[SourceQuality "1"]

1. e4 c5 2. Nf3 d6 3. d4 cxd4 4. Nxd4 Nf6 5. Nc3 Nc6 6. Be2 e5 7. Nb3 Be7 8.
O-O O-O 9. Be3 a5 10. a4 Nb4 11. f3 Be6 12. Nb5 d5 13. exd5 Nfxd5 14. Bf2 Nf4
15. Nc5 Bxc5 16. Bxc5 Qg5 17. g3 Rfd8 18. Bd3 Nbxd3 19. cxd3 Bh3 20. Re1 Nxd3
21. Be3 Nxe1 22. Qxe1 Qf6 23. Qf2 Rd3 24. Rc1 h5 25. Nc3 Rad8 26. Qe2 Qa6 27.
Qf2 Qc4 28. Re1 Bf5 29. Bg5 f6 30. Be3 Bg6 31. Bc1 Be8 32. Be3 Bxa4 33. Bc1 Bc6
34. Ne4 Bxe4 35. fxe4 Rd1 36. Be3 Rxe1+ 37. Qxe1 Qc2 38. Qf2 Qxe4 39. Qe2 Rd3
40. Kf2 Qxe3+ 41. Qxe3 Rxe3 42. Kxe3 Kf7 43. Ke4 Ke6 44. h4 f5+ 45. Kd3 Kd5 46.
b3 b5 47. Ke3 a4 48. bxa4 bxa4 49. Kd3 e4+ 50. Kc3 a3 0-1

[Event "Team match"]
[Site "http://gameknot.com/chess.pl?"]
[Date "2012.02.27"]
[Round "?"]
[White "faisalraza"]
[Black "sperling"]
[Result "1-0"]
[WhiteElo "2035"]
[BlackElo "2066"]
[PlyCount "51"]
[EventDate "2012.??.??"]

1. e4 c5 2. Nf3 d6 3. Nc3 Nc6 4. d4 cxd4 5. Nxd4 Nf6 6. Be2 e5 7. Nxc6 bxc6 8.
Qd3 Rb8 9. O-O Be6 10. b3 Be7 11. Qg3 O-O 12. f4 Kh8 13. Kh1 Qa5 14. f5 Bc8 15.
a3 Qc7 16. Bg5 h6 17. Qh4 Kh7 18. Rad1 Ng8 19. Bxe7 Nxe7 20. Bc4 Ng8 21. Rf3
Bb7 22. f6 Nxf6 23. Rdf1 Qa5 24. Rxf6 Qxc3 25. Rxf7 Rxf7 26. Rxf7 1-0

[Event "Natal op-A 9th"]
[Site "Natal"]
[Date "2012.02.20"]
[Round "6"]
[White "Da Costa, Jose Artanael Campo"]
[Black "Araujo, Felipe Fernandes"]
[Result "0-1"]
[WhiteElo "2034"]
[BlackElo "2269"]
[PlyCount "40"]
[EventDate "2012.02.17"]
[EventType "swiss"]
[EventRounds "7"]
[EventCountry "BRA"]
[SourceTitle "OM OTB B 201907"]
[Source "Opening Master"]
[SourceDate "2019.07.06"]
[SourceVersion "2"]
[SourceVersionDate "2019.07.06"]
[SourceQuality "1"]

1. e4 c5 2. Nf3 d6 3. Nc3 Nf6 4. d4 cxd4 5. Nxd4 Nc6 6. Be2 e5 7. Nb3 Be7 8.
Be3 O-O 9. O-O a5 10. a4 Be6 11. Bf3 Nb4 12. Re1 Rc8 13. g4 d5 14. g5 Nxe4 15.
Nxe4 Nxc2 16. Nec5 Nxe1 17. Qxe1 d4 18. Bd2 Bxc5 19. Bxa5 Qxg5+ 20. Kh1 Bxb3
0-1

[Event "Cholet-G"]
[Site "Cholet"]
[Date "2012.02.18"]
[Round "1"]
[White "Morvan, Claude"]
[Black "Rouault, Michel"]
[Result "0-1"]
[WhiteElo "1499"]
[BlackElo "1600"]
[PlyCount "54"]
[EventDate "2012.02.18"]
[EventType "swiss"]
[EventRounds "7"]
[EventCountry "FRA"]
[SourceTitle "OM OTB B 201907"]
[Source "Opening Master"]
[SourceDate "2019.07.06"]
[SourceVersion "2"]
[SourceVersionDate "2019.07.06"]
[SourceQuality "1"]

1. e4 c5 2. Nc3 Nc6 3. Nf3 d6 4. d4 cxd4 5. Nxd4 Nf6 6. Be2 e5 7. Nxc6 bxc6 8.
O-O Be7 9. Be3 O-O 10. f4 a5 11. fxe5 dxe5 12. Qxd8 Rxd8 13. a3 Rb8 14. b3 Ng4
15. Bxg4 Bxg4 16. h3 Be6 17. Rf3 Rb7 18. Ne2 Rbd7 19. Rff1 c5 20. Ng3 c4 21. b4
axb4 22. axb4 Bxb4 23. Rab1 Bc3 24. Nf5 g6 25. Nh6+ Kg7 26. Rbd1 Rxd1 27. Bg5
Bd4+ 0-1

[Event "Pfalz op 03rd"]
[Site "Neustadt an der Weinstrasse"]
[Date "2012.02.17"]
[Round "1"]
[White "Vogel, Johannes"]
[Black "Gschnitzer, Oswald"]
[Result "0-1"]
[WhiteElo "2102"]
[BlackElo "2466"]
[PlyCount "50"]
[EventDate "2012.02.17"]
[EventType "swiss"]
[EventRounds "9"]
[EventCountry "GER"]
[SourceTitle "OM OTB B 201907"]
[Source "Opening Master"]
[SourceDate "2019.07.06"]
[SourceVersion "2"]
[SourceVersionDate "2019.07.06"]
[SourceQuality "1"]

1. e4 c5 2. Nf3 d6 3. d4 cxd4 4. Nxd4 Nf6 5. Nc3 Nc6 6. Be2 e5 7. Nb3 Be7 8.
Be3 O-O 9. g4 Be6 10. g5 Nd7 11. Qd2 a5 12. Na4 Rc8 13. Bb5 f5 14. gxf6 Nxf6
15. Bb6 Qe8 16. Qe2 Qg6 17. Bxc6 bxc6 18. f3 Nd7 19. O-O-O Qf7 20. Bxa5 Ra8 21.
Qd2 Ra6 22. Rhg1 Rfa8 23. Rg2 Bxb3 24. axb3 Rxa5 25. Rdg1 Bf8 0-1

[Event "SRB-chT Central"]
[Site "Pozarevac"]
[Date "2012.02.16"]
[Round "5"]
[White "Kostic, Tomislav"]
[Black "Milovanovic, Srboljub"]
[Result "0-1"]
[WhiteElo "1813"]
[BlackElo "2203"]
[PlyCount "48"]
[EventDate "2012.02.13"]
[EventType "team-swiss"]
[EventRounds "9"]
[EventCountry "SRB"]
[SourceTitle "OM OTB B 201907"]
[Source "Opening Master"]
[SourceDate "2019.07.06"]
[SourceVersion "2"]
[SourceVersionDate "2019.07.06"]
[SourceQuality "1"]

1. e4 c5 2. Nf3 Nc6 3. d4 cxd4 4. Nxd4 Nf6 5. Nc3 d6 6. Be2 e5 7. Nb3 Be7 8.
Be3 Be6 9. O-O a5 10. Nd5 O-O 11. Bb6 Qd7 12. Bb5 Nxe4 13. c4 Bd8 14. Qe1 f5
15. Bxa5 Rxa5 16. Nxa5 Bxa5 17. Bxc6 bxc6 18. Qxa5 cxd5 19. cxd5 Bf7 20. b4 Qb7
21. Rfd1 Ra8 22. Qxa8+ Qxa8 23. a4 Bxd5 24. b5 Nc3 0-1

[Event "BI-2011-F-00022"]
[Site "Lechenicher SchachServer"]
[Date "2012.02.12"]
[Round "?"]
[White "Recio, Luis"]
[Black "Hughes, Chris"]
[Result "1-0"]
[WhiteElo "1293"]
[BlackElo "875"]
[PlyCount "85"]
[EventDate "2012.02.15"]

1. Nf3 c5 2. e4 d6 3. d4 cxd4 4. Nxd4 Nf6 5. Nc3 Nc6 6. Be2 e5 7. Ndb5 a6 8.
Na3 b5 9. Naxb5 axb5 10. Bd3 b4 11. Nd5 Bb7 12. O-O g6 13. Bg5 Bg7 14. Qd2 O-O
15. Nxf6+ Bxf6 16. Bh6 Re8 17. Bb5 Re7 18. Bxc6 Bxc6 19. Qxb4 Ra4 20. Qc3 Bxe4
21. b3 Ra6 22. Qe3 Bxc2 23. Qc3 Bf5 24. Qc4 Be6 25. Qxa6 Rc7 26. Rad1 Be7 27.
Be3 Bc8 28. Qa5 Qd7 29. Rc1 Bd8 30. Rxc7 Bxc7 31. Qc3 Bd8 32. Rd1 Bf6 33. Qd3
Be7 34. a4 Qb7 35. Rc1 Bf5 36. Qc3 Be6 37. b4 f6 38. b5 d5 39. Qc6 Qxc6 40.
Rxc6 Kf7 41. a5 Bd7 42. Rc7 Bxb5 43. Bc5 1-0

[Event "SVK-chT 1112"]
[Site "Slovakia"]
[Date "2012.02.11"]
[Round "7.8"]
[White "Jurcisin, Imrich"]
[Black "Jelen, Peter"]
[Result "1/2-1/2"]
[WhiteElo "2041"]
[BlackElo "2193"]
[PlyCount "105"]
[EventDate "2011.10.22"]
[EventType "team"]
[EventRounds "11"]
[EventCountry "SVK"]
[SourceTitle "OM OTB B 201907"]
[Source "Opening Master"]
[SourceDate "2019.07.06"]
[SourceVersion "2"]
[SourceVersionDate "2019.07.06"]
[SourceQuality "1"]

1. e4 c5 2. Nf3 Nc6 3. d4 cxd4 4. Nxd4 Nf6 5. Nc3 d6 6. Be2 e5 7. Nb3 Be7 8.
O-O O-O 9. f4 a5 10. a4 Nb4 11. Kh1 Qb6 12. Nd5 Nfxd5 13. exd5 Bf5 14. fxe5
Bxc2 15. Qd4 Qxd4 16. Nxd4 dxe5 17. Nxc2 Nxc2 18. Rb1 Nb4 19. Bc4 Rfd8 20. Rd1
Rd6 21. Be3 b6 22. Rd2 h6 23. Re1 Rad8 24. Bf2 Bg5 25. Rde2 Bf6 26. Bg3 Nxd5
27. Bxe5 Re6 28. Rd1 Rxe5 29. Rxe5 Bxe5 30. Rxd5 Rxd5 31. Bxd5 Bxb2 32. Kg1 b5
33. axb5 Kf8 34. Kf2 Bd4+ 35. Ke2 Ke7 36. Kd3 Bg1 37. h3 f5 38. Bg8 Kd6 39. Bh7
Ke5 40. Bg6 Kf6 41. Be8 Bf2 42. Ke2 Bb6 43. Kd3 Ke5 44. Bg6 f4 45. h4 Kf6 46.
h5 Kg5 47. Kc4 Kg4 48. Kd5 Kg3 49. Be4 a4 50. Kc4 Ba5 51. b6 Bxb6 52. Kb4 Kg4
53. Bg6 1/2-1/2

[Event "BL2 Ost 1112 (Women)"]
[Site "Germany"]
[Date "2012.02.11"]
[Round "6.5"]
[White "Just, Anita"]
[Black "Lorenz, Nicole"]
[Result "1-0"]
[WhiteElo "2001"]
[BlackElo "1873"]
[PlyCount "157"]
[EventDate "2011.10.29"]
[EventType "team-tourn"]
[EventRounds "7"]
[EventCountry "GER"]
[SourceTitle "OM OTB B 201907"]
[Source "Opening Master"]
[SourceDate "2019.07.06"]
[SourceVersion "2"]
[SourceVersionDate "2019.07.06"]
[SourceQuality "1"]

1. e4 c5 2. Nf3 Nc6 3. d4 cxd4 4. Nxd4 Nf6 5. Nc3 d6 6. Be2 e5 7. Nb3 Be7 8.
O-O O-O 9. Be3 a5 10. a4 Nb4 11. f4 Be6 12. Nd2 exf4 13. Bxf4 Qb6+ 14. Kh1 Rac8
15. Rf3 Ng4 16. Bg3 Ne3 17. Qg1 Nbxc2 18. Rb1 Nc4 19. Bf2 Qc6 20. Nxc4 Bxc4 21.
Bxc4 Qxc4 22. Qd1 Nb4 23. Bd4 Nc6 24. Nd5 Qa6 25. Rg3 f6 26. Qg4 g6 27. Bxf6
Bxf6 28. Nxf6+ Kg7 29. Nh5+ Kh8 30. h4 Rf1+ 31. Rxf1 Qxf1+ 32. Kh2 Rf8 33. Qd7
Qf7 34. Rf3 Ne5 35. Rxf7 Nxd7 36. Rxd7 gxh5 37. Rxb7 Re8 38. Rb5 Rxe4 39. Rxa5
Rxh4+ 40. Kg3 Rb4 41. Rd5 Rxa4 42. Rxd6 Ra1 43. Rd2 Rb1 44. Kf4 Kg7 45. Kg5 h6+
46. Kxh5 Rh1+ 47. Kg4 Rb1 48. Rf2 Kg6 49. Rc2 Kg7 50. Kf5 Rf1+ 51. Ke5 Rb1 52.
Kd5 Kf6 53. Kc5 Ke6 54. b4 Kd7 55. Kb5 Rb3 56. Ka5 Rg3 57. b5 Ra3+ 58. Kb6 Ra1
59. Kb7 Rb1 60. Rd2+ Ke7 61. b6 Rb4 62. Rc2 Kd7 63. Rc7+ Kd8 64. Rg7 Rb2 65.
Kc6 Rc2+ 66. Kd6 Rd2+ 67. Ke5 Rb2 68. b7 Re2+ 69. Kf4 Rf2+ 70. Kg3 Rb2 71. Kh4
Rb5 72. g4 Rb1 73. b8=Q+ Rxb8 74. Rg8+ Kc7 75. Rxb8 Kxb8 76. Kh5 Kc7 77. Kxh6
Kd7 78. Kg7 Ke8 79. g5 1-0

[Event "NED-chT 1112"]
[Site "Netherlands"]
[Date "2012.02.11"]
[Round "6.3"]
[White "Cuijpers, Frans Andre"]
[Black "Hoeksema, Hendrik Pieter"]
[Result "1/2-1/2"]
[WhiteElo "2435"]
[BlackElo "2328"]
[PlyCount "35"]
[EventDate "2011.09.17"]
[EventType "team-tourn"]
[EventRounds "9"]
[EventCountry "NED"]
[SourceTitle "OM OTB B 201907"]
[Source "Opening Master"]
[SourceDate "2019.07.06"]
[SourceVersion "2"]
[SourceVersionDate "2019.07.06"]
[SourceQuality "1"]

1. e4 c5 2. Nf3 d6 3. d4 cxd4 4. Nxd4 Nf6 5. Nc3 Nc6 6. Be2 e5 7. Nb3 Be7 8.
O-O O-O 9. Be3 Be6 10. Qd2 d5 11. exd5 Nxd5 12. Nxd5 Qxd5 13. Qxd5 Bxd5 14. c4
Be4 15. Nc5 Bxc5 16. Bxc5 Rfd8 17. Rfd1 b6 18. Be3 1/2-1/2

[Event "Montevideo CBR 90 op 3rd"]
[Site "Montevideo"]
[Date "2012.02.09"]
[Round "1"]
[White "El Ters, Antouan"]
[Black "Chamlian, Aram"]
[Result "1-0"]
[WhiteElo "2226"]
[BlackElo "1755"]
[PlyCount "51"]
[EventDate "2012.02.09"]
[EventType "swiss"]
[EventRounds "7"]
[EventCountry "URU"]
[SourceTitle "OM OTB B 201907"]
[Source "Opening Master"]
[SourceDate "2019.07.06"]
[SourceVersion "2"]
[SourceVersionDate "2019.07.06"]
[SourceQuality "1"]

1. e4 c5 2. Nf3 Nc6 3. Nc3 d6 4. d4 cxd4 5. Nxd4 Nf6 6. Be2 e5 7. Nb3 Be7 8.
O-O O-O 9. Be3 Be6 10. f4 d5 11. f5 d4 12. fxe6 dxc3 13. exf7+ Kh8 14. bxc3
Nxe4 15. Bd3 Bg5 16. Bxg5 Qxg5 17. Bxe4 Qe3+ 18. Kh1 Qxe4 19. Qd7 Qxc2 20. Qxb7
Rad8 21. Qxc6 Rxf7 22. Rxf7 Rd1+ 23. Rf1 Rxf1+ 24. Rxf1 h6 25. Qe8+ Kh7 26.
Qxe5 1-0

[Event "Landesliga Nord 1112"]
[Site "Bayern"]
[Date "2012.02.05"]
[Round "6.6"]
[White "Lukas, Norbert"]
[Black "Link, Klaus"]
[Result "1/2-1/2"]
[WhiteElo "2011"]
[BlackElo "1915"]
[PlyCount "65"]
[EventDate "2011.10.02"]
[EventType "team-tourn"]
[EventRounds "9"]
[EventCountry "GER"]
[SourceTitle "OM OTB B 201907"]
[Source "Opening Master"]
[SourceDate "2019.07.06"]
[SourceVersion "2"]
[SourceVersionDate "2019.07.06"]
[SourceQuality "1"]

1. e4 c5 2. Nf3 Nc6 3. Nc3 Nf6 4. d4 cxd4 5. Nxd4 d6 6. Be2 e5 7. Nb3 Be7 8.
O-O O-O 9. Be3 Be6 10. Bf3 Qc8 11. Nd5 Bxd5 12. exd5 Nb4 13. c3 Na6 14. Be2 b6
15. f4 e4 16. g4 Nc5 17. Nxc5 bxc5 18. g5 Qh3 19. Bf2 Ne8 20. Bg3 f5 21. Re1 g6
22. Bf1 Qh5 23. Qxh5 gxh5 24. Be2 Ng7 25. h4 Rfb8 26. b3 a5 27. Rab1 Kf7 28.
Bf2 Kg6 29. Red1 Ne8 30. Be1 Bf8 31. a4 Nc7 32. Bc4 Bg7 33. Kf2 1/2-1/2

[Event "SVK-chT1E 1112"]
[Site "Slovakia"]
[Date "2012.02.04"]
[Round "8.3"]
[White "Kalata, Peter"]
[Black "Kostelny, Jozef"]
[Result "1-0"]
[WhiteElo "2146"]
[BlackElo "2232"]
[PlyCount "65"]
[EventDate "2011.10.15"]
[EventType "team-tourn"]
[EventRounds "11"]
[EventCountry "SVK"]
[SourceTitle "OM OTB B 201907"]
[Source "Opening Master"]
[SourceDate "2019.07.06"]
[SourceVersion "2"]
[SourceVersionDate "2019.07.06"]
[SourceQuality "1"]

1. e4 c5 2. Nf3 Nc6 3. d4 cxd4 4. Nxd4 Nf6 5. Nc3 d6 6. Be2 e5 7. Nb3 a5 8. Bg5
Be7 9. O-O O-O 10. Bxf6 Bxf6 11. Nb5 a4 12. Nd2 Nd4 13. c3 Nxe2+ 14. Qxe2 Qb6
15. c4 Be6 16. Rfd1 Be7 17. Rac1 Rac8 18. b3 axb3 19. axb3 Ra8 20. Nf1 f5 21.
exf5 Bxf5 22. Ne3 Be6 23. Rc3 d5 24. cxd5 Bd7 25. Nc7 Rac8 26. Qc2 Bg5 27. d6
Qa5 28. Rd5 Qa7 29. Rxe5 Bf6 30. Rcc5 Kh8 31. Ned5 Bxe5 32. Ne7 Bf6 33. Qxh7+
1-0